| 000 | 00497nam a2200145 4500 | ||
|---|---|---|---|
| 008 | 040520s1995 -hk chi | ||
| 020 | _a9627127337 | ||
| 090 |
_aBX8316.C5 _bM56 |
||
| 245 | 1 | 0 |
_a衛理公會 在中國 Methodism in China (ch) / _c. |
| 260 |
_aHong Kong : _b香港衛理公會Methodist Church, _cc1995. |
||
| 300 | _a72 p. | ||
| 651 | 4 |
_aMethodist Church _zChina{ch}. |
|
| 651 | 4 |
_aMissions _zChina{ch}. |
|
| 951 |
_pC-5161 _x00028437 _oBX8316.C5/M56 _j070613111356328 _d2000-12-21 _cSP-C CH |
||
| 999 |
_c20033 _d20033 |
||